Mechatronics (Record no. 23339)

000 -LEADER
fixed length control field 00337nam a22000977a 4500
003 - CONTROL NUMBER IDENTIFIER
control field Nust
005 - DATE AND TIME OF LATEST TRANSACTION
control field 20170410135115.0
008 - FIXED-LENGTH DATA ELEMENTS--GENERAL INFORMATION
fixed length control field 130410b xxu||||| |||| 00| 0 eng d
020 ## - INTERNATIONAL STANDARD BOOK NUMBER
Terms of availability Avalable
International Standard Book Number 8178083396
040 ## - CATALOGING SOURCE
Original cataloging agency DLC
Language of cataloging DLC
Transcribing agency RCMS
082 ## - DEWEY DECIMAL CLASSIFICATION NUMBER
Classification number 621.22BOL
Edition number 2nd,ed
100 ## - MAIN ENTRY--PERSONAL NAME
Personal name Bolton, W.
245 ## - TITLE STATEMENT
Title Mechatronics
Medium English
Remainder of title Electronic Control Systems in Mechanical and Electrical Engineering
250 ## - EDITION STATEMENT
Edition statement 2nd,ed.
260 ## - PUBLICATION, DISTRIBUTION, ETC.
Place of publication, distribution, etc. India
Name of publisher, distributor, etc. Pearson Eduction Ltd
Date of publication, distribution, etc. c1999
300 ## - PHYSICAL DESCRIPTION
Extent ix,543,p :
Other physical details ill:
Dimensions 26,cm,
538 ## - SYSTEM DETAILS NOTE
Display text Shelf # 15, Row # 1, Communication.
650 ## - SUBJECT ADDED ENTRY--TOPICAL TERM
Topical term or geographic name entry element Electrical Engineering
856 ## - ELECTRONIC LOCATION AND ACCESS
Materials specified Table of Content Only
942 ## - ADDED ENTRY ELEMENTS (KOHA)
Source of classification or shelving scheme
Koha item type Book
Holdings
Withdrawn status Lost status Source of classification or shelving scheme Damaged status Not for loan Permanent Location Current Location Shelving location Date acquired Full call number Barcode Date last seen Price effective from Koha item type
          NUST Baluchistan Campus (NBC) NUST Baluchistan Campus (NBC) General Stacks 04/10/2013 621.22BOL RCMS000051 04/10/2013 04/10/2013 Book
© 2023 Central Library, National University of Sciences and Technology. All Rights Reserved.